1513 1401 1188 1631 1899 1688 1933 1242 1682 1822 1115 1000 1969 1850 1595 1073 1478 1273 1335 1012 1042 1448 1924 1427 1587 1464 1103 1148 1134 1597 1423 1838 1144 1568 1014 1714 1281 1030 1852 1811 1706 1140 1740 1881 1288 1603 1147 1612 1551 1772 1760 1622 1647 1246 1110 1937 1332 1626 1367 1946 1984 1365 1991 1424 1156 1107 1682 1958 1382 1827 1261 1310 1841 1666 1442 1862 1160 1558 1203 1692 1178 1275 1528 1187 1436 1403 1777 1291 1649 1824 1568 1517 1913 1880 1056 1475 1370 1094 1984 BCNSPRNW ULIB Ver.6.0+V

เปลี่ยนเป็นภาษาไทย

Change to English
 แสดงรายละเอียดบรรณานุกรม
  กลับหน้าหลัก

Brief Record : Get Marc (ISO 2709) : E-mail record : QR code < ปิดหน้าต่าง
LEADER : 00000nam 2200000uu 4500
001    13399125979
003     ULIB
008    020711s2560 th a 000 0 tha d
050    ^aLA1221^bก318ป
110    ^aกลุ่มพัฒนาการศึกษา สถาบันพระบรมราชชนก
245    ^aประกาศและระเบียบที่เกี่ยวข้องกับการจัดการศึกษาสถาบันพระบรมราชชนก
260    ^aนนทบุรี :^bสถาบันพระบรมราชชนก,^c2560
300    ^a54 หน้า;^c26 ซม.
650    ^aการศึกษา
945    ^p0^l0^i003410
999    ^aประนอม เกษจรัล
รายการนี้ยังไม่มีแท็ก
คุณยังไม่ได้ล็อกอิน คุณสามารถมีกิจกรรมร่วมกับเว็บไซต์ได้ แต่ต้องล็อกอินก่อน ::
  ล็อกอิน

รายการสื่อสารสนเทศ

ลำดับที่ ประเภท เลขเรียก/บาร์โค้ด สถานที่ สถานะ
1. การศึกษาทั่วไป
การศึกษาทั่วไป
LA1221 ก318ป ฉ.1 
  Barcode: 003410
ห้องสมุดวิทยาเขตสวรรค์ประชารักษ์
►หนังสือทั่วไป
บนชั้น

รายการใกล้เคียง
    หัวเรื่อง [การศึกษา]

BibComment


ยังไม่เคยถูกคอมเมนท์

คอมเมนท์ทรัพยากรรายการนี้
  คอมเมนท์: ประกาศและระเบียบ..


 Copyright 2026. Bcnsprnw @Library